| 000 | 01241nam0a2200313 4500 | ||
|---|---|---|---|
| 001 | RU\NLR\bibl\1485940 | ||
| 005 | 20250616011038.0 | ||
| 010 |
_a978-5-93295-593-2 _93000 |
||
| 021 |
_aRU _b2010-3946 _9246 |
||
| 035 | _a(NLR Aleph) 001477555 | ||
| 090 |
_a1682832 _c1682832 |
||
| 100 | _a20100316d2010 |||y0rusy50 ca | ||
| 101 | 0 | _arus | |
| 102 | _aRU | ||
| 105 | _ay ||||||||| | ||
| 200 | 1 |
_aОценка уголовно-процессуальных доказательств _eмонография _fР.В. Костенко |
|
| 210 |
_aМосква _cЮрлитинформ _d2010 |
||
| 215 |
_a144, [1] с. _d21 |
||
| 300 | _aНа обороте тит. л. авт.: Костенко Р.В., д.ю.н., проф. | ||
| 320 | _aБиблиогр. в подстроч. примеч. | ||
| 606 | 1 |
_aСудебные доказательства в уголовном процессе _xОценка _yРоссийская Федерация _92566657 _3RU\NLR\auth\661517982 |
|
| 686 | _aХ629.341 | ||
| 700 | 1 |
_aКостенко _bР. В. _gРоман Валерьевич _4070 |
|
| 801 | 0 |
_aRU _bNLR _c20100316 _gRCR |
|
| 801 | 1 |
_aRU _bNLR _c20100316 |
|
| 830 | _aавт. по кн. | ||
| 942 | _cBOOK | ||
| 980 | _aNB | ||